Ľudský faktor - nositeľ inovácií vo vyučovacom procese
Na minha lista:
| Autor principal: | |
|---|---|
| Formato: | Capítulo de Livro |
| Idioma: | eslovaco |
| Tags: |
Sem tags, seja o primeiro a adicionar uma tag!
|
MARC
| LEADER | 00000nla$a2200000$$$4500 | ||
|---|---|---|---|
| 001 | 0127926 | ||
| 005 | 20240502072446.6 | ||
| 041 | 0 | |a slo | |
| 044 | |a SK | ||
| 245 | 1 | 0 | |a Ľudský faktor - nositeľ inovácií vo vyučovacom procese |c Jana Nimrichterová |
| 100 | 1 | |a Nimrichterová, Jana | |